Textbook of pollen analysis / (Record no. 11518)
[ view plain ]
| 000 -LEADER | |
|---|---|
| fixed length control field | 00863nam a22002651 4500 |
| 001 - CONTROL NUMBER | |
| control field | 11518 |
| 003 - CONTROL NUMBER IDENTIFIER | |
| rucl marc code | BD-RjUL |
| 005 - DATE AND TIME OF LATEST TRANSACTION | |
| control field | 20211208235135.0 |
| 008 - FIXED-LENGTH DATA ELEMENTS--GENERAL INFORMATION | |
| fixed length control field | 140127r19661964dk ab b 000 0 eng d |
| 035 ## - SYSTEM CONTROL NUMBER | |
| System control number | (BD-RjUL)11567 |
| 040 ## - CATALOGING SOURCE | |
| Original cataloging agency | DLC/ICU |
| Transcribing agency | ICU |
| Modifying agency | DLC |
| -- | BD-RjUL |
| Language of cataloging | eng |
| 041 ## - LANGUAGE CODE | |
| Language code of text/sound track or separate title | eng |
| 082 00 - DEWEY DECIMAL CLASSIFICATION NUMBER | |
| Classification number | 561.13 |
| Author mark and year | FAT 1966 |
| 100 1# - MAIN ENTRY--PERSONAL NAME | |
| Personal name | Faegri, Knut. |
| 9 (RLIN) | 35632 |
| 245 10 - TITLE STATEMENT | |
| Title | Textbook of pollen analysis / |
| Statement of responsibility, etc. | Knut Fรฆgri [and] Johs. Iversen. With a chapter on Pre-Quaternary pollen analysis, by H.T. Waterbolk. |
| 250 ## - EDITION STATEMENT | |
| Edition statement | 2d rev. ed. |
| 260 ## - PUBLICATION, DISTRIBUTION, ETC. (IMPRINT) | |
| Place of publication, distribution, etc. | Copenhagen : |
| Name of publisher, distributor, etc. | Munksgaard, |
| Date of publication, distribution, etc. | c1964 [printed 1966] |
| 300 ## - PHYSICAL DESCRIPTION | |
| Pagination | 237 p. |
| Illustrations | illus., maps. |
| Size | 24 cm. |
| 504 ## - BIBLIOGRAPHY, ETC. NOTE | |
| Bibliography, etc | Bibliography: p. [203]-217. |
| 650 #0 - SUBJECT ADDED ENTRY--TOPICAL TERM | |
| Topical term or geographic name as entry element | Palynology. |
| 9 (RLIN) | 35633 |
| 700 1# - ADDED ENTRY--PERSONAL NAME | |
| Personal name | Iversen, Johannes, |
| Dates associated with a name | 1904- |
| Relator term | joint author. |
| 942 ## - ADDED ENTRY ELEMENTS (KOHA) | |
| Source of classification or shelving scheme | Dewey Decimal Classification |
| Koha item type | Books |
| Lost status | Source of classification or shelving scheme | Damaged status | Not for loan | Collection code | Permanent Location | Current Location | Shelving location | Date acquired | Source of acquisition | Cost, normal purchase price | Total Checkouts | Full call number | Date last seen | Copy number | Koha item type |
|---|---|---|---|---|---|---|---|---|---|---|---|---|---|---|---|
| Dewey Decimal Classification | Not For Loan | Non-fiction | Central Library, University of Rajshahi | Central Library, University of Rajshahi | Reading Room | 03/11/1970 | Zeitlinger | 86.00 | 561.13 FAT 1966 | 27/01/2014 | C-1 | Books |